Ces choses qui portent un prénom ! De A à J (1) - Statistiques

Statistiques générales
  • Ce quiz a été pris 78 fois
  • Le résultat moyen est 19 sur 67
Statistiques - réponses
Hint Réponse % Correct
I Partie de l'oeil ou fleur Iris
71%
C Oiseau blanc symbole de paix Colombe
69%
F Ville d'Italie Florence
69%
B Servante Bonne
67%
J Pantalon denim Jean
67%
B Plus jeune d'une fratrie Benjamin
60%
C Petit fruit rouge à noyau Cerise
59%
E Pierre précieuse verte Emeraude
59%
B Chapeau en tissu Bob
57%
J Pierre dure verte Jade
57%
A Saut de patineur Axel
53%
C Petit agrume apprécié l'hiver Clémentine
53%
J Emploi Job
53%
H Homme très fort Hercule
51%
H Mammifère blanche proche de la belette Hermine
51%
A Très bel homme Adonis | Apollon
50%
A Résine fossile Ambre
49%
B Pilosité masculine Barbe
49%
J Type de taille de légumes Julienne
47%
B Couvre-chef généralement en laine Bonnet
46%
J Traître ou ouverture dans une porte Judas
46%
J Petit ami Jules
46%
A Aube Aurore
44%
A Bille en verre marbré Agate | Agathe
36%
A Fleuve et département Aude
34%
C Poisson blanc Colin
34%
C Individu peu sérieux Charlot
31%
B Policier londonien Bobby
30%
C Coiffure d'hôpital ou entremets Charlotte
30%
J Extrémité d'un câble de connexion Jack
30%
B Grosse bouteille de champagne Balthazar
27%
C Générosité qui épargne les coupables Clémence
27%
J Petite planche pour le repassage des manches Jeannette
27%
A Clown Auguste
24%
G Allemand d'autrefois Germain
23%
D Modèle de voiture Citroën Diane
21%
A Animal marin ou plante vivace Anémone
17%
J Paysan (vieilli) ou imbécile Jacques
16%
F Hache des Francs Francisque
14%
J Gros saucisson Jésus
14%
G Plante utilisée par les teinturiers Garance
13%
G Remise de peine Grâce
13%
A Qui cherche à faire plaisir Aimable
11%
C Bassin peu profond Claire
10%
C Religieuse Clarisse
10%
J Perroquet gris Jacquot
10%
C Persévérance Constance
9%
C Arbuste à floraison hivernale Camélia
7%
E Fleur de la rose des chiens Eglantine
7%
A Cocktail composé de cognac, de crème fraîche et de crème de cacao Alexandra
6%
A Grande méduse Aurélie
6%
C Religieuse ou plante grimpante aux fleurs orangées Capucine
6%
F Coiffeur (familier) Figaro
6%
G Rat (familier) Gaspard
6%
G Niais de comédie (vieilli) Gilles
4%
G Petit rabot Guillaume
4%
I Couleur café au lait Isabelle
4%
J Papier filtre Joseph
4%
A Absence totale des quatre membres Amélie
3%
A Religieux Augustin
3%
B Garniture de décolleté Berthe
3%
J Bouteille ou cruche (vieilli) Jacqueline
3%
A Plante aromatique Angélique
1%
C Etoffe en drap de laine Casimir
1%
E Couteau de poche (vieilli) Eustache
1%
A Allure défectueuse d'un cheval Aubin
0%
B Simplet Boniface
0%
Aucun quiz correspondant
Distribution des résultats
% des personnes avec chaque résultat
Percentile par nombre de réponses
Votre historique - résultats
Vous n’avez pas pris ce quiz